000 00604nam a2200241Ia 4500
003 OSt
005 20221007080133.0
006 a|||||r|||| 00| 0
007 ta
008 221006b |||||||| |||| 00| 0 eng d
024 _a39,938
037 _cTextual
040 _aFLL
_cFLL
_beng
041 _2eng
_aeng
082 _aXM55:Z2, Q3
100 _aTaxmann
245 0 _aCompanies act 2013
250 _a21st
260 _aNew Delhi
_bTaxmann Publication Pvt. Ltd. India
_c2013
300 _ad.p.
_ccm.
942 _hXM55:Z2, Q3
_cTEXL
_2CC
999 _c1158464
_d1158464